书目信息 |
| 题名: |
铀的物理和化学性质
|
|
| 作者: | Gindler , 金德勒 著 ;向家忠 译 | |
| 分册: | ||
| 出版信息: | 北京 原子能出版社 1982 |
|
| 页数: | 284页 | |
| 开本: | 19cm | |
| 丛书名: | ||
| 单 册: | ||
| 中图分类: | O614.62 | |
| 科图分类: | ||
| 主题词: | 铀-物理性能 , 铀-化学性质 , 化学性质-铀 , 物理性能-铀 | |
| 电子资源: | ||
| ISBN: | ||
| 000 | 00769nam0 2200277 45 | |
| 001 | 0182005242 | |
| 005 | 20060731153557.40 | |
| 010 | @dCNY1.10 | |
| 100 | @a19950705d1982 em y0chiy0121 ea | |
| 101 | 1 | @achi@ceng |
| 102 | @aCN@b110000 | |
| 105 | @ay z 000yy | |
| 200 | 10 | @a铀的物理和化学性质@Ayou de wu li he hua xue xing zhi@f(美)金德勒(J.E. Gindlwe)著@g向家忠译 |
| 210 | @a北京@c原子能出版社@d1982 | |
| 215 | @a284页@d19cm | |
| 606 | @a铀-物理性能 | |
| 606 | @a铀-化学性质 | |
| 606 | @a化学性质-铀 | |
| 606 | @a物理性能-铀 | |
| 690 | @aO614.62@v3 | |
| 701 | A1 | @aGindler@bJ.E.@4著 |
| 701 | 1 | @a金德勒@Ajin de le@bJ.E.@4著 |
| 702 | 0 | @a向家忠@Axiang jia zhong@4译 |
| 801 | 2 | @aCN@bNLC@c20060731 |
| 801 | 0 | @aCN@bTSSF |
| 905 | @a10447@dO614.62@e12 | |
| 铀的物理和化学性质/(美)金德勒(J.E. Gindlwe)著/向家忠译.-北京:原子能出版社,1982 |
| 284页;19cm |
| ISBN :CNY1.10 |
| ● |
| 相关链接 |
|
|
|
|
正题名:铀的物理和化学性质
索取号:O614.62/12
 
预约/预借
| 序号 | 登录号 | 条形码 | 馆藏地/架位号 | 状态 | 备注 |
| 1 | 0434136 | 204341364 | 密集书库/ [索取号:O614.62/12] | 在馆 |